Digitální fotografie
Guardado en:
| Autores principales: | , , |
|---|---|
| Formato: | Libro |
| Lenguaje: | checo |
| Publicado: |
Praha :
Computer Press,
1999
|
| Materias: | |
| Etiquetas: |
Sin Etiquetas, Sea el primero en etiquetar este registro!
|
MARC
| LEADER | 00000nam a22000003a 4500 | ||
|---|---|---|---|
| 001 | stu61249 | ||
| 005 | 20150617225650.6 | ||
| 008 | 010919s1999----xr------------------cze-d | ||
| 020 | |a 80-7226-185-1 | ||
| 040 | |a STU |b slo | ||
| 041 | 0 | |a cze | |
| 044 | |a xr | ||
| 080 | |a 621.397.45 | ||
| 080 | |a 681.32.05 | ||
| 080 | |a 771.4 | ||
| 084 | |a B6430H |2 INS | ||
| 084 | |a C5260 |2 INS |7 stu_us_auth*stu7144 | ||
| 084 | |a D3045 |2 INS | ||
| 084 | |a B6135 |2 INS | ||
| 084 | |a D4010 |2 INS | ||
| 084 | |a D2105 |2 INS | ||
| 100 | 1 | |a Sawyer, Ben |4 aut | |
| 245 | 1 | |a Digitální fotografie | |
| 260 | |a Praha : |b Computer Press, |c 1999 | ||
| 300 | |a 531 s | ||
| 650 | 7 | |a videotechnika |2 stusub | |
| 650 | 7 | |a číslicové spracovanie obrazov |2 stusub | |
| 650 | 7 | |a digitalizácia obrazu |2 stusub | |
| 650 | 7 | |a záznam obrazu |2 stusub | |
| 650 | 7 | |a kompresia obrazov |2 stusub | |
| 650 | 7 | |a DVD |2 stusub | |
| 700 | 1 | |a Pronk, Ron |4 aut | |
| 700 | 1 | |a Aitken, Peter |4 aut | |
| 996 | |b 284EK84047 |c E*84047 |l EELSDV |s P |a 0 |w stu61249_0001 | ||